000
00295nam a22001337a 4500
020
_a
0-00-675230-6
082
_a
823
_b
HAY/S
100
_a
HAYNES, B.R
245
_a
BONECHILLERS
_b
SLIME TIME
260
_a
LONDON
_b
HARPER COLLINS
300
_a
133
650
_a
NOVEL
_z
UNITED KINGDOM
942
_c
BK
999
_c
3295
_d
3295